[Event "European Women's Chess Club Cup 2023"]
[Site "Durres, Albania"]
[Date "2023.10.02"]
[Round "2.4"]
[White "Vidic, Teja"]
[Black "Caku, Kler"]
[Result "1-0"]
[TimeControl "90' + 30' & 30\""]
[WhiteElo "2119"]
[BlackElo "1697"]

1. e4 {[%clk 01:30:58]} {[%emt 00:00:01]} e5 {[%clk 01:30:50]} {[%emt
00:00:10]} 2. Nc3 {[%clk 01:31:24]} {[%emt 00:00:04]} Nc6 {[%clk 01:31:10]}
{[%emt 00:00:10]} 3. Bc4 {[%clk 01:31:47]} {[%emt 00:00:07]} Nf6 {[%clk
01:31:18]} {[%emt 00:00:22]} 4. d3 {[%clk 01:32:11]} {[%emt 00:00:06]} d6
{[%clk 01:30:44]} {[%emt 00:01:04]} 5. f4 {[%clk 01:32:35]} {[%emt 00:00:06]}
exf4 {[%clk 01:30:02]} {[%emt 00:01:12]} 6. Bxf4 {[%clk 01:32:59]} {[%emt
00:00:06]} Be7 {[%clk 01:28:06]} {[%emt 00:02:25]} 7. Nf3 {[%clk 01:32:30]}
{[%emt 00:01:01]} O-O {[%clk 01:24:52]} {[%emt 00:03:43]} 8. d4 {[%clk
01:21:17]} {[%emt 00:11:43]} Nxe4 {[%clk 01:18:21]} {[%emt 00:07:01]} 9. Nxe4
{[%clk 01:21:25]} {[%emt 00:00:22]} d5 {[%clk 01:18:43]} {[%emt 00:00:07]} 10.
Bd3 {[%clk 01:19:48]} {[%emt 00:02:08]} dxe4 {[%clk 01:18:51]} {[%emt
00:00:23]} 11. Bxe4 {[%clk 01:20:13]} {[%emt 00:00:04]} Bb4+ {[%clk 01:06:07]}
{[%emt 00:13:13]} 12. Kf2 {[%clk 01:14:14]} {[%emt 00:06:29]} Bd6 {[%clk
00:58:42]} {[%emt 00:07:56]} 13. Bxd6 {[%clk 00:52:53]} {[%emt 00:21:51]} Qxd6
{[%clk 00:58:03]} {[%emt 00:01:08]} 14. Qd3 {[%clk 00:52:57]} {[%emt 00:00:27]}
h6 {[%clk 00:51:29]} {[%emt 00:07:04]} 15. h3 {[%clk 00:48:19]} {[%emt
00:05:09]} Bd7 {[%clk 00:45:17]} {[%emt 00:06:41]} 16. Rhe1 {[%clk 00:44:59]}
{[%emt 00:03:50]} Rad8 {[%clk 00:40:52]} {[%emt 00:04:54]} 17. c3 {[%clk
00:40:19]} {[%emt 00:05:11]} f5 {[%clk 00:31:22]} {[%emt 00:10:00]} 18. Bxc6
{[%clk 00:33:30]} {[%emt 00:07:19]} Bxc6 {[%clk 00:31:13]} {[%emt 00:00:38]} 19.
Ne5 {[%clk 00:33:40]} {[%emt 00:00:20]} Be4 {[%clk 00:30:54]} {[%emt 00:00:49]}
20. Qc4+ {[%clk 00:29:30]} {[%emt 00:04:41]} Bd5 {[%clk 00:29:16]} {[%emt
00:02:07]} 21. Qc5 {[%clk 00:29:35]} {[%emt 00:00:25]} Qxc5 {[%clk 00:28:32]}
{[%emt 00:01:13]} 22. dxc5 {[%clk 00:28:23]} {[%emt 00:01:42]} Be4 {[%clk
00:27:53]} {[%emt 00:01:09]} 23. Rad1 {[%clk 00:27:43]} {[%emt 00:01:11]} Rfe8
{[%clk 00:19:01]} {[%emt 00:09:22]} 24. Nf3 {[%clk 00:26:59]} {[%emt 00:01:14]}
Kf7 {[%clk 00:16:44]} {[%emt 00:02:46]} 25. Nd4 {[%clk 00:21:55]} {[%emt
00:05:34]} Rd5 {[%clk 00:15:30]} {[%emt 00:01:44]} 26. b4 {[%clk 00:20:46]}
{[%emt 00:01:39]} a5 {[%clk 00:14:32]} {[%emt 00:01:27]} 27. Nb5 {[%clk
00:19:05]} {[%emt 00:02:12]} Rxd1 {[%clk 00:09:56]} {[%emt 00:05:05]} 28. Rxd1
{[%clk 00:19:27]} {[%emt 00:00:09]} axb4 {[%clk 00:08:09]} {[%emt 00:02:16]} 29.
cxb4 {[%clk 00:19:35]} {[%emt 00:00:23]} Re7 {[%clk 00:07:26]} {[%emt
00:01:11]} 30. Rd8 {[%clk 00:18:39]} {[%emt 00:01:28]} Bc6 {[%clk 00:06:34]}
{[%emt 00:01:21]} 31. Nd4 {[%clk 00:17:33]} {[%emt 00:01:36]} Be4 {[%clk
00:06:45]} {[%emt 00:00:19]} 32. a4 {[%clk 00:15:45]} {[%emt 00:02:19]} c6
{[%clk 00:05:00]} {[%emt 00:02:15]} 33. Rd6 {[%clk 00:10:04]} {[%emt 00:06:10]}
g6 {[%clk 00:04:51]} {[%emt 00:00:39]} 34. a5 {[%clk 00:09:11]} {[%emt
00:01:24]} h5 {[%clk 00:04:49]} {[%emt 00:00:32]} 35. h4 {[%clk 00:08:14]}
{[%emt 00:01:27]} Re5 {[%clk 00:03:22]} {[%emt 00:01:57]} 36. Rd7+ {[%clk
00:07:47]} {[%emt 00:00:57]} Re7 {[%clk 00:03:44]} {[%emt 00:00:08]} 37. Rd6
{[%clk 00:06:40]} {[%emt 00:01:37]} Re5 {[%clk 00:03:59]} {[%emt 00:00:15]} 38.
Rd7+ {[%clk 00:06:38]} {[%emt 00:00:32]} Re7 {[%clk 00:04:22]} {[%emt
00:00:07]} 39. Rxe7+ {[%clk 00:06:57]} {[%emt 00:00:12]} Kxe7 {[%clk 00:04:48]}
{[%emt 00:00:02]} 40. g3 {[%clk 00:07:18]} {[%emt 00:00:09]} Kf6 {[%clk
00:02:38]} {[%emt 00:02:41]} 41. Ne2 {[%clk 00:01:18]} {[%emt 00:06:30]} Bd3
{[%clk 00:00:38]} {[%emt 00:02:29]} 42. Nf4 {[%clk 00:01:35]} {[%emt 00:00:14]}
Bc4 {[%clk 00:00:37]} {[%emt 00:00:31]} 43. Ke3 {[%clk 00:01:55]} {[%emt
00:00:10]} Bb5 {[%clk 00:22:56]} {[%emt 00:08:10]} 44. Nh3 {[%clk 00:16:40]}
{[%emt 00:15:46]} Ke5 {[%clk 00:21:59]} {[%emt 00:01:27]} 45. Nf4 {[%clk
00:17:04]} {[%emt 00:00:05]} Kf6 {[%clk 00:22:13]} {[%emt 00:00:17]} 46. Kd4
{[%clk 00:16:22]} {[%emt 00:01:12]} Ba6 {[%clk 00:10:35]} {[%emt 00:12:08]} 47.
Nh3 {[%clk 00:11:50]} {[%emt 00:05:03]} Bf1 {[%clk 00:10:39]} {[%emt 00:00:25]}
48. Ng5 {[%clk 00:12:16]} {[%emt 00:00:04]} Ba6 {[%clk 00:09:06]} {[%emt
00:02:03]} 49. Nf3 {[%clk 00:11:53]} {[%emt 00:00:53]} Bb5 {[%clk 00:08:16]}
{[%emt 00:01:20]} 50. Ke3 {[%clk 00:11:09]} {[%emt 00:01:14]} Bc4 {[%clk
00:07:20]} {[%emt 00:01:27]} 51. Kf4 {[%clk 00:11:31]} {[%emt 00:00:08]} Bb5
{[%clk 00:05:35]} {[%emt 00:02:15]} 52. Ne5 {[%clk 00:11:23]} {[%emt 00:00:37]}
Bf1 {[%clk 00:05:35]} {[%emt 00:00:30]} 53. Nd7+ {[%clk 00:10:56]} {[%emt
00:00:57]} Ke7 {[%clk 00:05:28]} {[%emt 00:00:37]} 54. Nb6 {[%clk 00:10:44]}
{[%emt 00:00:43]} Kf6 {[%clk 00:05:44]} {[%emt 00:00:13]} 55. Nc8 {[%clk
00:10:24]} {[%emt 00:00:50]} Be2 {[%clk 00:03:26]} {[%emt 00:02:48]} 56. Nd6
{[%clk 00:08:20]} {[%emt 00:02:34]} Ba6 {[%clk 00:03:49]} {[%emt 00:00:07]} 57.
Ne8+ {[%clk 00:08:00]} {[%emt 00:00:51]} Kf7 {[%clk 00:03:37]} {[%emt
00:00:42]} 58. Nc7 {[%clk 00:08:14]} {[%emt 00:00:16]} Bf1 {[%clk 00:02:29]}
{[%emt 00:01:38]} 59. Ke5 {[%clk 00:08:30]} {[%emt 00:00:14]} Ke7 {[%clk
00:01:06]} {[%emt 00:01:52]} 60. Ne6 {[%clk 00:08:34]} {[%emt 00:00:26]} Bc4
{[%clk 00:01:06]} {[%emt 00:00:30]} 61. Nf4 {[%clk 00:07:56]} {[%emt 00:01:08]}
Kf7 {[%clk 00:00:45]} {[%emt 00:00:52]} 62. Ng2 {[%clk 00:05:29]} {[%emt
00:02:56]} Ke7 {[%clk 00:01:00]} {[%emt 00:00:15]} 63. Ne3 {[%clk 00:05:55]}
{[%emt 00:00:04]} Bd3 {[%clk 00:00:53]} {[%emt 00:00:37]} 64. Nd1 {[%clk
00:06:18]} {[%emt 00:00:07]} Be2 {[%clk 00:00:58]} {[%emt 00:00:25]} 65. Nc3
{[%clk 00:06:44]} {[%emt 00:00:05]} Bf1 {[%clk 00:00:53]} {[%emt 00:00:35]} 66.
Na4 {[%clk 00:06:34]} {[%emt 00:00:40]} Bb5 {[%clk 00:01:01]} {[%emt 00:00:21]}
67. Nb6 {[%clk 00:06:57]} {[%emt 00:00:07]} Ba6 {[%clk 00:00:59]} {[%emt
00:00:32]} 68. Na8 {[%clk 00:06:58]} {[%emt 00:00:29]} Bf1 {[%clk 00:00:44]}
{[%emt 00:00:46]} 69. Nc7 {[%clk 00:05:57]} {[%emt 00:01:31]} Be2 {[%clk
00:00:46]} {[%emt 00:00:28]} 70. Na8 {[%clk 00:05:45]} {[%emt 00:00:42]} Bb5
{[%clk 00:00:58]} {[%emt 00:00:18]} 71. Nb6 {[%clk 00:06:11]} {[%emt 00:00:04]}
Ba6 {[%clk 00:01:23]} {[%emt 00:00:05]} 72. Nc8+ {[%clk 00:06:38]} {[%emt
00:00:03]} Kd7 {[%clk 00:01:39]} {[%emt 00:00:14]} 73. Nd6 {[%clk 00:07:01]}
{[%emt 00:00:06]} Ke7 {[%clk 00:02:02]} {[%emt 00:00:06]} 74. Kf4 {[%clk
00:04:16]} {[%emt 00:03:16]} Kf6 {[%clk 00:01:59]} {[%emt 00:00:33]} 75. Ne8+
{[%clk 00:04:41]} {[%emt 00:00:05]} Kf7 {[%clk 00:02:07]} {[%emt 00:00:22]} 76.
Nc7 {[%clk 00:05:08]} {[%emt 00:00:04]} Bf1 {[%clk 00:02:18]} {[%emt 00:00:19]}
77. Ke5 {[%clk 00:02:26]} {[%emt 00:03:12]} Ke7 {[%clk 00:02:22]} {[%emt
00:00:26]} 78. Ne6 {[%clk 00:02:02]} {[%emt 00:00:54]} Bc4 {[%clk 00:02:30]}
{[%emt 00:00:20]} 79. Nf4 {[%clk 00:02:31]} {[%emt 00:00:03]} Kf7 {[%clk
00:02:35]} {[%emt 00:00:25]} 80. Kd6 {[%clk 00:02:49]} {[%emt 00:00:11]} Kf6
{[%clk 00:02:10]} {[%emt 00:00:55]} 81. Nh3 {[%clk 00:02:32]} {[%emt 00:00:46]}
Ba6 {[%clk 00:01:20]} {[%emt 00:01:21]} 82. Kc7 {[%clk 00:01:49]} {[%emt
00:01:14]} Ke5 {[%clk 00:00:40]} {[%emt 00:01:10]} 83. Kb6 {[%clk 00:01:54]}
{[%emt 00:00:25]} Kd5 {[%clk 00:00:35]} {[%emt 00:00:34]} 84. Nf4+ {[%clk
00:02:05]} {[%emt 00:00:19]} Kc4 {[%clk 00:00:40]} {[%emt 00:00:25]} 85. Nxg6
{[%clk 00:02:30]} {[%emt 00:00:05]} Kxb4 {[%clk 00:00:38]} {[%emt 00:00:32]} 86.
Nf4 {[%clk 00:02:56]} {[%emt 00:00:04]} Kc4 {[%clk 00:00:38]} {[%emt 00:00:29]}
87. Nxh5 {[%clk 00:03:20]} {[%emt 00:00:06]} Kd4 {[%clk 00:00:38]} {[%emt
00:00:31]} 88. Nf4 {[%clk 00:02:45]} {[%emt 00:01:04]} Ke5 {[%clk 00:00:44]}
{[%emt 00:00:24]} 89. Kc7 {[%clk 00:02:31]} {[%emt 00:00:44]} Kf6 {[%clk
00:00:49]} {[%emt 00:00:25]} 90. Kd6 {[%clk 00:02:53]} {[%emt 00:00:09]} Bc4
{[%clk 00:00:43]} {[%emt 00:00:36]} 91. Nh3 {[%clk 00:02:52]} {[%emt 00:00:31]}
Kg6 {[%clk 00:00:34]} {[%emt 00:00:40]} 92. Ke5 {[%clk 00:02:57]} {[%emt
00:00:25]} Bb3 {[%clk 00:00:33]} {[%emt 00:00:31]} 93. Nf4+ {[%clk 00:03:17]}
{[%emt 00:00:09]} Kh6 {[%clk 00:00:52]} {[%emt 00:00:12]} 94. Kxf5 {[%clk
00:03:43]} {[%emt 00:00:04]} Bc2+ {[%clk 00:01:15]} {[%emt 00:00:06]} 95. Kf6
{[%clk 00:04:06]} {[%emt 00:00:05]} Bd1 {[%clk 00:01:27]} {[%emt 00:00:20]} 96.
Ne6 {[%clk 00:03:02]} {[%emt 00:01:34]} Bg4 {[%clk 00:00:49]} {[%emt 00:01:08]}
97. Nd8 {[%clk 00:03:27]} {[%emt 00:00:06]} Bc8 {[%clk 00:01:04]} {[%emt
00:00:15]} 98. Nf7 {[%clk 00:03:33]} {[%emt 00:00:24]} Kh5 {[%clk 00:00:34]}
{[%emt 00:01:00]} 99. Nd6 {[%clk 00:03:58]} {[%emt 00:00:04]} Bd7 {[%clk
00:00:58]} {[%emt 00:00:06]} 100. Nxb7 {[%clk 00:04:23]} {[%emt 00:00:05]} Bc8
{[%clk 00:01:13]} {[%emt 00:00:15]} 101. Nd8 {[%clk 00:04:32]} {[%emt
00:00:21]} 1-0

[Event "European Women's Chess Club Cup 2023"]
[Site "Durres, Albania"]
[Date "2023.10.02"]
[Round "2.5"]
[White "Muzychuk, Mariya"]
[Black "Tsolakidou, Stavroula"]
[Result "0-1"]
[TimeControl "90' + 30' & 30\""]
[WhiteElo "2519"]
[BlackElo "2385"]

1. d4 {[%clk 01:30:57]} {[%emt 00:00:02]} Nf6 {[%clk 01:30:48]} {[%emt
00:00:12]} 2. c4 {[%clk 01:31:14]} {[%emt 00:00:13]} g6 {[%clk 01:30:53]}
{[%emt 00:00:24]} 3. Nc3 {[%clk 01:31:21]} {[%emt 00:00:24]} Bg7 {[%clk
01:31:15]} {[%emt 00:00:07]} 4. e4 {[%clk 01:31:28]} {[%emt 00:00:23]} d6
{[%clk 01:31:31]} {[%emt 00:00:14]} 5. Nf3 {[%clk 01:31:42]} {[%emt 00:00:17]}
O-O {[%clk 01:31:52]} {[%emt 00:00:09]} 6. Be2 {[%clk 01:31:58]} {[%emt
00:00:14]} e5 {[%clk 01:31:50]} {[%emt 00:00:32]} 7. O-O {[%clk 01:30:19]}
{[%emt 00:02:10]} h6 {[%emt 00:13:24]} 8. h3 {[%emt 00:11:35]} exd4 {[%clk
01:14:54]} {[%emt 00:07:10]} 9. Nxd4 {[%clk 01:16:49]} {[%emt 00:00:16]} Re8
{[%clk 01:15:14]} {[%emt 00:00:09]} 10. Bf3 {[%clk 01:11:48]} {[%emt 00:05:31]}
Nh7 {[%clk 00:54:31]} 11. Re1 {[%clk 01:11:48]} Ng5 12. Bg4 {[%clk 01:11:48]}
Bxg4 {[%clk 00:54:31]} 13. hxg4 {[%clk 01:11:48]} Nc6 {[%clk 00:54:31]} 14.
Nxc6 {[%clk 01:11:48]} bxc6 {[%clk 00:54:31]} 15. Qd3 {[%clk 01:11:48]} Ne6
{[%clk 00:54:31]} 16. Qh3 {[%clk 01:11:48]} Rb8 {[%clk 00:54:31]} 17. Rb1
{[%clk 01:11:48]} Ng5 {[%clk 00:54:31]} 18. Qd3 {[%clk 01:11:48]} Qd7 {[%clk
00:54:31]} 19. f3 {[%clk 01:11:48]} Qe6 {[%clk 00:54:31]} 20. Be3 {[%clk
01:11:48]} Rb4 {[%clk 00:54:31]} 21. b3 {[%clk 01:11:48]} Qe5 {[%clk 00:54:31]}
22. Ne2 {[%clk 01:11:48]} a5 {[%clk 00:54:31]} 23. Bd4 {[%clk 01:11:48]} Qe7
{[%clk 00:54:31]} 24. Bxg7 {[%clk 01:11:48]} Kxg7 {[%clk 00:54:31]} 25. Qc3+
{[%clk 01:11:48]} Qf6 {[%clk 00:12:48]} {[%emt 02:11:32]} 26. Qxf6+ {[%clk
00:17:01]} Kxf6 {[%clk 00:13:13]} {[%emt 00:01:46]} 27. Nd4 {[%clk 00:17:08]}
Rb6 {[%clk 00:13:13]} {[%emt 00:00:54]} 28. Rbc1 {[%clk 00:17:15]} Ne6 {[%clk
00:09:34]} {[%emt 00:04:32]} 29. Nxe6 {[%clk 00:15:53]} Kxe6 {[%clk 00:09:59]}
{[%emt 00:01:56]} 30. c5 {[%clk 00:14:57]} Ra6 {[%clk 00:10:20]} {[%emt
00:01:36]} 31. Rc4 {[%clk 00:07:13]} Rb8 {[%clk 00:10:36]} {[%emt 00:08:28]} 32.
e5 {[%clk 00:05:10]} d5 {[%clk 00:08:34]} {[%emt 00:05:05]} 33. Rf4 {[%clk
00:05:29]} a4 {[%clk 00:08:34]} 34. b4 {[%clk 00:05:29]} a3 {[%clk 00:08:34]}
35. Kf2 {[%clk 00:05:29]} Ke7 {[%clk 00:02:21]} {[%emt 00:13:21]} 36. Rb1
{[%clk 00:01:05]} Ra4 {[%clk 00:02:33]} {[%emt 00:00:45]} 37. Rb3 {[%clk
00:00:43]} g5 {[%clk 00:01:49]} {[%emt 00:02:06]} 38. Rf6 {[%clk 00:00:57]}
Rbxb4 {[%clk 00:02:03]} {[%emt 00:00:31]} 39. Rxb4 {[%clk 00:01:18]} Rxb4
{[%clk 00:02:30]} {[%emt 00:00:13]} 40. Rxc6 {[%clk 00:01:45]} Rb2+ {[%clk
00:02:53]} {[%emt 00:00:10]} 41. Ke3 {[%clk 00:00:47]} Kd7 {[%clk 00:25:53]}
{[%emt 00:08:57]} 42. Rxh6 {[%clk 00:23:16]} Rxa2 {[%clk 00:26:14]} {[%emt
00:08:11]} 43. Kd3 {[%clk 00:22:22]} Ra1 {[%clk 00:14:25]} {[%emt 00:13:43]} 44.
Kc2 {[%clk 00:22:13]} d4 {[%clk 00:14:25]} 45. Ra6 {[%clk 00:22:13]} d3+ {[%clk
00:07:49]} {[%emt 00:10:23]} 46. Kxd3 {[%clk 00:19:46]} a2 {[%clk 00:07:49]} 47.
Kc3 {[%clk 00:19:46]} Rc1+ {[%clk 00:07:49]} 48. Kb2 {[%clk 00:19:46]} a1=Q+
{[%clk 00:07:49]} 49. Rxa1 {[%clk 00:19:46]} Rxa1 {[%clk 00:07:49]} 50. Kxa1
{[%clk 00:19:46]} Ke6 {[%clk 00:09:45]} {[%emt 00:04:16]} 51. Kb2 {[%clk
00:06:32]} Kxe5 {[%clk 00:09:45]} 52. Kc3 {[%clk 00:06:32]} Kd5 {[%clk
00:09:45]} 53. c6 {[%clk 00:06:32]} Kxc6 {[%clk 00:09:45]} 54. Kc4 {[%clk
00:06:32]} Kd6 {[%clk 00:09:45]} 55. Kd4 {[%clk 00:06:32]} c5+ {[%clk
00:09:45]} 56. Kc4 {[%clk 00:06:32]} Kc6 {[%clk 00:09:45]} 57. g3 {[%clk
00:06:32]} Kd6 {[%clk 00:09:45]} 58. f4 {[%clk 00:06:32]} f6 {[%clk 00:09:45]}
59. Kc3 {[%clk 00:06:32]} Kd5 {[%clk 00:09:45]} 60. Kd3 {[%clk 00:06:32]} c4+
{[%clk 00:09:45]} 61. Kc3 {[%clk 00:06:32]} Kc5 {[%clk 00:09:45]} 62. f5 {[%clk
00:06:32]} Kd5 {[%clk 00:09:45]} 63. Kc2 {[%clk 00:06:32]} Kd4 {[%clk
00:09:45]} 64. Kd2 {[%clk 00:06:32]} c3+ {[%clk 00:09:45]} 65. Kc2 {[%clk
00:06:32]} Kc4 {[%clk 00:09:45]} 66. Kc1 {[%clk 00:06:32]} Kd3 {[%clk
00:09:45]} 67. Kd1 {[%clk 00:06:32]} Ke3 {[%clk 00:09:45]} 68. Kc2 {[%clk
00:06:32]} Kf3 {[%clk 00:09:45]} 69. Kxc3 {[%clk 00:06:32]} Kxg3 {[%clk
00:15:14]} {[%emt 00:28:11]} 70. Kd4 {[%clk 00:04:49]} Kxg4 {[%clk 00:15:40]}
{[%emt 00:00:28]} 71. Ke4 {[%clk 00:05:17]} Kh4 {[%clk 00:15:40]} 0-1

[Event "European Women's Chess Club Cup 2023"]
[Site "Durres, Albania"]
[Date "2023.10.02"]
[Round "2.6"]
[White "Narva, Mai"]
[Black "Muzychuk, Anna"]
[Result "1/2-1/2"]
[TimeControl "90' + 30' & 30\""]
[WhiteElo "2399"]
[BlackElo "2510"]

1. e4 {[%clk 01:30:55]} {[%emt 00:00:04]} e5 {[%clk 01:30:55]} {[%emt
00:00:07]} 2. Nf3 {[%clk 01:31:16]} {[%emt 00:00:08]} Nc6 {[%clk 01:31:17]}
{[%emt 00:00:09]} 3. Bb5 {[%clk 01:31:32]} {[%emt 00:00:13]} Nf6 {[%clk
01:31:40]} {[%emt 00:00:08]} 4. O-O {[%clk 01:31:30]} {[%emt 00:00:31]} Nxe4
{[%clk 01:31:54]} {[%emt 00:00:17]} 5. Re1 {[%clk 01:31:45]} {[%emt 00:00:14]}
Nd6 {[%clk 01:32:14]} {[%emt 00:00:11]} 6. Ba4 {[%clk 01:31:49]} {[%emt
00:00:25]} Be7 {[%clk 01:29:54]} {[%emt 00:02:50]} 7. Nc3 {[%emt 00:20:53]} O-O
{[%clk 01:06:32]} {[%emt 00:03:27]} 8. d4 {[%clk 01:31:41]} {[%emt 00:00:40]}
e4 {[%clk 00:56:30]} {[%emt 00:10:33]} 9. Nxe4 {[%clk 01:31:33]} {[%emt
00:00:37]} Nxe4 {[%clk 00:56:38]} {[%emt 00:00:22]} 10. Rxe4 {[%clk 01:31:56]}
{[%emt 00:00:07]} d5 {[%clk 00:56:50]} {[%emt 00:00:18]} 11. Re1 {[%clk
01:31:55]} {[%emt 00:00:31]} Bg4 {[%clk 00:54:56]} {[%emt 00:02:24]} 12. Bxc6
{[%clk 01:31:51]} {[%emt 00:00:34]} bxc6 {[%clk 00:55:18]} {[%emt 00:00:09]} 13.
h3 {[%clk 01:31:57]} {[%emt 00:00:23]} Bxf3 {[%clk 00:47:58]} 14. Qxf3 {[%clk
01:31:57]} Re8 {[%clk 00:47:58]} 15. Bd2 {[%clk 01:31:57]} Qd7 {[%clk
00:47:58]} 16. Rad1 {[%clk 00:54:21]} {[%emt 00:51:31]} Bd6 {[%clk 00:38:19]}
17. b3 {[%clk 00:45:14]} {[%emt 00:16:10]} f5 {[%clk 00:33:39]} 18. c4 {[%clk
00:37:59]} {[%emt 00:12:56]} Re4 {[%clk 00:33:32]} 19. c5 {[%clk 00:32:43]}
{[%emt 00:06:24]} Be7 {[%clk 00:31:28]} 20. Bf4 {[%clk 00:32:38]} {[%emt
00:03:08]} Bf6 {[%clk 00:28:19]} 21. Rxe4 {[%clk 00:31:36]} {[%emt 00:05:11]}
dxe4 {[%clk 00:26:24]} 22. Qg3 {[%clk 00:28:29]} {[%emt 00:06:03]} Rc8 {[%clk
00:23:39]} 23. b4 {[%clk 00:26:48]} {[%emt 00:05:25]} Kf7 {[%clk 00:20:46]} 24.
a4 {[%clk 00:20:11]} {[%emt 00:10:30]} h6 {[%clk 00:18:23]} 25. h4 {[%clk
00:15:56]} {[%emt 00:07:37]} a6 {[%clk 00:11:38]} 26. h5 {[%clk 00:09:28]}
{[%emt 00:14:14]} Rb8 {[%clk 00:09:22]} 27. Qc3 {[%clk 00:00:48]} {[%emt
00:11:56]} Rb7 {[%clk 00:08:06]} 28. Qc4+ {[%clk 00:00:52]} {[%emt 00:02:12]}
Qd5 {[%clk 00:08:30]} 29. Qxa6 {[%clk 00:00:33]} {[%emt 00:00:55]} Rxb4 {[%clk
00:08:58]} 30. Be3 {[%clk 00:00:41]} {[%emt 00:00:24]} Qb3 {[%clk 00:06:20]} 31.
Rd2 {[%clk 00:00:42]} {[%emt 00:04:00]} Qd5 {[%clk 00:03:03]} 32. Rd1 {[%clk
00:00:42]} Qb3 {[%clk 00:03:03]} 1/2-1/2

[Event "European Women's Chess Club Cup 2023"]
[Site "Durres, Albania"]
[Date "2023.10.02"]
[Round "2.7"]
[White "Khademalsharieh, Sarasadat"]
[Black "Radeva, Viktoria"]
[Result "1/2-1/2"]
[TimeControl "90' + 30' & 30\""]
[WhiteElo "2476"]
[BlackElo "2293"]

1. d4 {[%clk 01:30:55]} {[%emt 00:00:03]} d5 {[%clk 01:30:48]} {[%emt
00:00:12]} 2. c4 {[%clk 01:31:10]} {[%emt 00:00:16]} e6 {[%clk 01:31:14]}
{[%emt 00:00:04]} 3. Nf3 {[%clk 01:31:24]} {[%emt 00:00:16]} Nf6 {[%clk
01:31:33]} {[%emt 00:00:11]} 4. Bg5 {[%clk 01:31:40]} {[%emt 00:00:15]} c6
{[%clk 01:29:24]} {[%emt 00:02:39]} 5. e3 {[%clk 01:27:55]} {[%emt 00:04:14]}
Nbd7 {[%clk 01:28:04]} {[%emt 00:01:51]} 6. Nbd2 {[%clk 01:27:15]} {[%emt
00:01:10]} Be7 {[%clk 01:27:18]} {[%emt 00:01:16]} 7. Qc2 {[%clk 01:26:57]}
{[%emt 00:00:48]} O-O {[%clk 01:26:02]} {[%emt 00:01:46]} 8. Bd3 {[%clk
01:27:01]} {[%emt 00:00:25]} h6 {[%clk 01:20:48]} {[%emt 00:05:45]} 9. Bh4
{[%clk 01:26:57]} {[%emt 00:00:33]} c5 {[%clk 01:11:16]} {[%emt 00:10:02]} 10.
O-O {[%clk 01:19:44]} {[%emt 00:07:44]} b6 {[%clk 01:07:28]} {[%emt 00:04:18]}
11. cxd5 {[%clk 01:18:51]} {[%emt 00:01:22]} Nxd5 {[%clk 00:51:31]} 12. Bxe7
{[%clk 01:18:51]} Qxe7 {[%clk 00:51:31]} 13. Bb5 {[%clk 01:18:51]} cxd4 {[%clk
00:51:31]} 14. Nxd4 {[%clk 01:18:51]} Bb7 {[%clk 00:51:31]} 15. Rac1 {[%clk
01:18:51]} Rac8 {[%clk 00:51:31]} 16. Qb1 {[%clk 01:18:51]} a6 {[%clk
00:51:31]} 17. Bc6 {[%clk 01:18:51]} Nc5 {[%clk 00:51:31]} 18. Bxb7 {[%clk
01:18:51]} Qxb7 {[%clk 00:51:31]} 19. Nc4 {[%clk 01:18:51]} Qb8 {[%clk
00:51:31]} 20. Rfd1 {[%clk 01:18:51]} Rfd8 {[%clk 00:51:31]} 21. Rd2 {[%clk
01:18:51]} Rd7 {[%clk 00:51:31]} 22. Rcd1 {[%clk 01:18:51]} b5 {[%clk
00:51:31]} 23. Na5 {[%clk 01:18:51]} Qb6 {[%clk 00:51:31]} 24. Ndb3 {[%clk
01:18:51]} Nxb3 {[%clk 00:51:31]} 25. Nxb3 {[%clk 01:18:51]} Rdd8 {[%clk
00:51:31]} 26. Qe4 {[%clk 01:18:51]} Nf6 {[%clk 00:13:38]} {[%emt 02:03:22]} 27.
Qb4 {[%clk 00:22:27]} Rxd2 {[%clk 00:12:23]} {[%emt 00:04:37]} 28. Qxd2 {[%clk
00:22:50]} Ne4 {[%clk 00:08:53]} {[%emt 00:04:07]} 29. Qd3 {[%clk 00:22:05]}
Qb7 {[%clk 00:08:10]} {[%emt 00:02:28]} 30. Qd4 {[%clk 00:21:00]} Nf6 {[%clk
00:06:04]} {[%emt 00:04:10]} 31. f3 {[%clk 00:18:09]} Qd5 {[%clk 00:04:19]}
{[%emt 00:05:37]} 32. e4 {[%clk 00:16:50]} Qxd4+ {[%clk 00:04:41]} {[%emt
00:01:58]} 33. Rxd4 {[%clk 00:17:10]} Kf8 {[%clk 00:02:37]} {[%emt 00:02:43]}
34. Rd6 {[%clk 00:16:15]} Rc2 {[%clk 00:01:55]} {[%emt 00:02:37]} 35. Rxa6
{[%clk 00:14:05]} Rxb2 {[%clk 00:02:22]} {[%emt 00:02:43]} 36. Ra7 {[%clk
00:13:43]} g5 {[%clk 00:01:26]} {[%emt 00:02:18]} 37. Nc5 {[%clk 00:09:10]}
Rb1+ {[%clk 00:01:26]} 38. Kf2 {[%clk 00:09:10]} Rb2+ {[%clk 00:01:26]} 39. Kg1
{[%clk 00:09:10]} Rb1+ {[%clk 00:01:26]} 1/2-1/2